Novodobé metódy riešenia spojovacích uzlov vo veži vežových žeriavov metódou MKP

Bibliographic Details
Main Author: Šullová, Anna (Author)
Format: Article
Language:Slovak
PhysicalDescription:Tb. 2. Sch. 3. Res. slov., rus., nem., angl., lit. 5 zázn. v slov., ruš.
Subjects:

MARC

LEADER 00000nab a2200000 a 4500
001 vtls000241317
003 SK-MaSNL
005 20260303202152.0
008 160204c1985 xo 0 slo
015 |a SNBRA19rr/mm-uuuuu 
035 |a CL0251431 
040 |a SNKBUCL  |b slo  |c SNKBUCL  |e AACR2 
041 0 |a slo 
044 |a xo  |c SK 
080 |a 621.873.2.001.66  |2 1981 
100 1 |a Šullová, Anna  |4 aut  |9 278988 
245 1 0 |a Novodobé metódy riešenia spojovacích uzlov vo veži vežových žeriavov metódou MKP  |c Anna Šullová 
300 |b Tb. 2. Sch. 3. Res. slov., rus., nem., angl., lit. 5 zázn. v slov., ruš. 
650 0 7 |a vežové žeriavy  |2 snkbucl  |9 179658 
655 7 |a články zo zborníkov  |2 snkbucl  |9 166140 
773 0 |t Práce a štúdie Vysokej školy dopravy a spojov v Žiline. Séria strojnícka. Zv. 15  |d Bratislava : Alfa, 1985  |g S. 165-174 
850 |a Slovenská národná knižnica v Martine  |a MTA001 
852 |a SNK  |b KIS3GCP 
958 |a NB 
958 |a RK 
992 |a RZB 
999 |c 2178024  |d 2179954